Air wars and aircraft : a detailed record of air combat, 1945 to the present / (Record no. 63681)

000 -LEADER
fixed length control field 00868pam a2200277 a 4500
001 - CONTROL NUMBER
control field 4817725
003 - CONTROL NUMBER IDENTIFIER
control field NUST - PNEC
005 - DATE AND TIME OF LATEST TRANSACTION
control field 20170116180820.0
008 - FIXED-LENGTH DATA ELEMENTS--GENERAL INFORMATION
fixed length control field 890811s1990 nyua b 001 0 eng
010 ## - LIBRARY OF CONGRESS CONTROL NUMBER
LC control number 89023382
020 ## - INTERNATIONAL STANDARD BOOK NUMBER
International Standard Book Number 0816023565
020 ## - INTERNATIONAL STANDARD BOOK NUMBER
International Standard Book Number 085368779X
040 ## - CATALOGING SOURCE
Original cataloging agency DLC
Transcribing agency LIBRARY
Modifying agency DLC
050 00 - LIBRARY OF CONGRESS CALL NUMBER
Classification number UG630
Item number .F55 1990
082 00 - DEWEY DECIMAL CLASSIFICATION NUMBER
Classification number 358.4309 FLI
100 1# - MAIN ENTRY--PERSONAL NAME
Personal name Flintham, Victor.
245 10 - TITLE STATEMENT
Title Air wars and aircraft : a detailed record of air combat, 1945 to the present /
Statement of responsibility, etc. Victor Flintham.
260 ## - PUBLICATION, DISTRIBUTION, ETC.
Place of publication, distribution, etc. New York :
Name of publisher, distributor, etc. Facts on File,
Date of publication, distribution, etc. c19.
300 ## - PHYSICAL DESCRIPTION
Extent 415 p. :
Other physical details ill. ;
Dimensions 26 cm.
500 ## - GENERAL NOTE
General note Includes index.
504 ## - BIBLIOGRAPHY, ETC. NOTE
Bibliography, etc. note Includes bibliographical references (p. 393-399).
650 #0 - SUBJECT ADDED ENTRY--TOPICAL TERM
Topical term or geographic name entry element Air warfare
General subdivision History.
650 #0 - SUBJECT ADDED ENTRY--TOPICAL TERM
Topical term or geographic name entry element Military history, Modern
Chronological subdivision 20th century.
906 ## - LOCAL DATA ELEMENT F, LDF (RLIN)
a 7
b cbc
c orignew
d 1
e ocip
f 19
g y-gencatlg
942 ## - ADDED ENTRY ELEMENTS (KOHA)
Source of classification or shelving scheme
Koha item type Book
Holdings
Withdrawn status Lost status Source of classification or shelving scheme Damaged status Not for loan Permanent Location Current Location Shelving location Date acquired Source of acquisition Cost, normal purchase price Total Checkouts Full call number Barcode Date last seen Cost, replacement price Price effective from Koha item type
          Pakistan Navy Engineering College (PNEC) Pakistan Navy Engineering College (PNEC)   11/24/1991 Paramount Books/Library/Reference Grant 1533.00   358.4309 FLI PNECLIB-015898 06/15/2015 1533.00 11/24/1991 Book
© 2023 Central Library, National University of Sciences and Technology. All Rights Reserved.